Zabezpečenie komunikácie medzi autonómnym vozidlom a riadiacim centrom na báze eliptických kriviek
Gespeichert in:
| 1. Verfasser: | |
|---|---|
| Weitere Verfasser: | |
| Format: | Manuskript Buch |
| Sprache: | Slowakisch |
| Veröffentlicht: |
Bratislava :
STU v Bratislave FEI,
2019
|
| Schlagworte: | |
| Online-Zugang: | https://opac.crzp.sk/?fn=detailBiblioForm&sid=819BE1355532A4D31A1E66AB1E91&seo=CRZP-detail-kniha |
| Tags: |
Keine Tags, Fügen Sie das erste Tag hinzu!
|
MARC
| LEADER | 00000ntm a22000003a 4500 | ||
|---|---|---|---|
| 001 | stuzp66990 | ||
| 003 | SK-STU | ||
| 005 | 20200713135004.4 | ||
| 007 | ta | ||
| 008 | 150427s2015----xo-----f-mn---000-0-slo-d | ||
| 040 | |a STU |b slo | ||
| 041 | 0 | |a slo | |
| 044 | |a xo | ||
| 100 | 1 | |a Jesztrebi, Patrik |u 037000 |4 aut |U FEI Fakulta elektrotechniky a informatiky |T FEI Ústav multimediálnych informačných a komunikačných technológií |X 79459 |U E070 |Y 818 |7 79459 | |
| 242 | 0 | 1 | |a Ensuring Communication between an Autonomous Vehicle and a Control Center Based on Elliptic Curves |y eng |
| 245 | 1 | 0 | |a Zabezpečenie komunikácie medzi autonómnym vozidlom a riadiacim centrom na báze eliptických kriviek |
| 260 | |a Bratislava : |b STU v Bratislave FEI, |c 2019 | ||
| 300 | |a 34 s. | ||
| 650 | 4 | |a Eliptické krivky |2 slo | |
| 650 | 4 | |a Komunikácia |2 slo | |
| 650 | 4 | |a Šifrovanie |2 slo | |
| 650 | 4 | |a Dešifrovanie |2 slo | |
| 650 | 4 | |a Eliptic curves |2 eng | |
| 650 | 4 | |a Communication |2 eng | |
| 650 | 4 | |a Encryption |2 eng | |
| 650 | 4 | |a Decryption |2 eng | |
| 700 | 1 | |a Orgoň, Miloš |u 037000 |k Z1 |4 ths |U FEI Fakulta elektrotechniky a informatiky |T FEI Ústav multimediálnych informačných a komunikačných technológií |X 2184 |U E070 |Y 818 |7 A000002184 | |
| 856 | 4 | |u https://opac.crzp.sk/?fn=detailBiblioForm&sid=819BE1355532A4D31A1E66AB1E91&seo=CRZP-detail-kniha | |